00555 2200157 4500245009400000020002200094250001100116100001900127005001900146260003400165041001400199084000800213300002900221500013800250336000900388 aLove in Italy b : Kisah Cinta 4 Sahabat di Kota Venice dan VeronacRofie KhaliffahText a978-979-29-5102-8 aCet. 1 aRofie Khaliffa a20231005113848 aYogyakartabAndi Offsetc2015 aIndonesia a813 aviii, 248 hlm. :c21 cm. ague suka banget sama karakter pethra di novel ini! bukan karena penulisannya bilang karakter pethra adalah gue di dunia nyata, bukan. atext